[Event "43. Olimpiada Batumi 2018 Femenina"]
[Site "Batumi GEO"]
[Date "2018.10.01"]
[Round "7.4"]
[White "Maroroa, Sue"]
[Black "Arda, Cagil Irmak"]
[Result "1-0"]
[WhiteElo "2112"]
[BlackElo "2096"]
[PlyCount "109"]
[EventDate "2018.09.24"]
[EventType "team-swiss"]
[EventRounds "11"]
[EventCountry "GEO"]
[SourceTitle "Ajedrez en Madrid"]
[Source "lmi"]
[SourceDate "2018.09.24"]
[WhiteTeam "England"]
[BlackTeam "Turkey"]
[WhiteTeamCountry "ENG"]
[BlackTeamCountry "TUR"]

1. e4 e6 2. d4 d5 3. Nd2 Be7 4. Ngf3 Nf6 5. e5 Nfd7 6. Bd3 c5 7. c3 b6 8. O-O
Ba6 9. Ne1 Bxd3 10. Nxd3 Nc6 11. Qg4 g6 12. Nf3 h5 13. Qf4 g5 14. Nxg5 Bxg5 15.
Qxg5 Qxg5 16. Bxg5 cxd4 17. cxd4 Nxd4 18. Rfd1 Rg8 19. h4 Nc6 20. Re1 Nc5 21.
Nf4 Rh8 22. Rec1 Kd7 23. Bf6 Rh6 24. f3 Nb4 25. Rc3 Na4 26. Rb3 Nc6 27. Rc1 Na5
28. Rb4 Nc5 29. Rd4 Nc6 30. Rdd1 Rc8 31. Kh2 a5 32. Bg5 Rh7 33. Bf6 Kc7 34. Nd3
Nd7 35. Bg5 Kb7 36. Re1 Rhh8 37. a3 a4 38. g4 hxg4 39. fxg4 Nd4 40. Rxc8 Rxc8
41. Rf1 Rf8 42. Kh3 Ka6 43. Bh6 Rh8 44. Bg7 Rh7 45. Rxf7 Nc5 46. Nxc5+ bxc5 47.
h5 Nf3 48. Rxf3 Rxg7 49. h6 Rh7 50. g5 d4 51. Kg4 c4 52. Kh5 d3 53. g6 d2 54.
Rf1 Rd7 55. Rd1 1-0

[Event "43. Olimpiada Batumi 2018 Femenina"]
[Site "Batumi GEO"]
[Date "2018.10.01"]
[Round "7.1"]
[White "Gray, Krishna"]
[Black "Sebag, Marie"]
[Result "0-1"]
[WhiteElo "1693"]
[BlackElo "2480"]
[PlyCount "48"]
[EventDate "2018.09.24"]
[EventType "team-swiss"]
[EventRounds "11"]
[EventCountry "GEO"]
[SourceTitle "Ajedrez en Madrid"]
[Source "lmi"]
[SourceDate "2018.09.24"]
[WhiteTeam "Jamaica"]
[BlackTeam "France"]
[WhiteTeamCountry "JAM"]
[BlackTeamCountry "FRA"]

1. d4 d5 2. Bf4 c5 3. e4 dxe4 4. d5 Nf6 5. Nc3 a6 6. Qe2 g6 7. O-O-O Bg7 8.
Nxe4 Nxe4 9. Qxe4 O-O 10. h4 Nd7 11. Qd3 Qa5 12. a3 b5 13. Nf3 b4 14. h5 c4 15.
Qe3 c3 16. hxg6 hxg6 17. Nd4 cxb2+ 18. Kd2 Qxd5 19. Bh6 Bxd4 20. Qxe7 Bf6+ 21.
Ke3 Bxe7 22. Rxd5 b1=Q 23. Bxf8 Bxf8 24. g3 Qc1+ 0-1

[Event "43. Olimpiada Batumi 2018 Femenina"]
[Site "Batumi GEO"]
[Date "2018.10.01"]
[Round "7.2"]
[White "Skripchenko, Almira"]
[Black "Miller, Rachel"]
[Result "1-0"]
[WhiteElo "2414"]
[BlackElo "1859"]
[PlyCount "95"]
[EventDate "2018.09.24"]
[EventType "team-swiss"]
[EventRounds "11"]
[EventCountry "GEO"]
[SourceTitle "Ajedrez en Madrid"]
[Source "lmi"]
[SourceDate "2018.09.24"]
[WhiteTeam "France"]
[BlackTeam "Jamaica"]
[WhiteTeamCountry "FRA"]
[BlackTeamCountry "JAM"]

1. Nf3 Nf6 2. g3 b6 3. Bg2 Bb7 4. O-O c5 5. d3 g6 6. e4 d6 7. Ng5 Nbd7 8. f4
Qc7 9. Nc3 a6 10. a4 Bg7 11. Re1 O-O 12. e5 Bxg2 13. exf6 exf6 14. Kxg2 fxg5
15. Nd5 Qb7 16. Qf3 Kh8 17. fxg5 Ne5 18. Qe4 b5 19. Nf6 Qxe4+ 20. Nxe4 c4 21.
d4 Nc6 22. c3 d5 23. axb5 Nxd4 24. cxd4 dxe4 25. bxa6 Bxd4 26. Rxe4 Rfd8 27.
Ra4 Kg8 28. Bf4 Bxb2 29. Rexc4 Re8 30. a7 Be5 31. Re4 Bxf4 32. Rxe8+ Rxe8 33.
a8=Q Rxa8 34. Rxa8+ Kg7 35. gxf4 h6 36. Kf3 hxg5 37. fxg5 f5 38. Ra7+ Kg8 39.
Kf4 Kf8 40. Ke5 f4 41. Kxf4 Kg8 42. Ke5 Kh8 43. Kf6 Kg8 44. Kxg6 Kf8 45. Kf6
Ke8 46. g6 Kd8 47. g7 Kc8 48. g8=Q# 1-0

[Event "43. Olimpiada Batumi 2018 Femenina"]
[Site "Batumi GEO"]
[Date "2018.10.01"]
[Round "7.3"]
[White "Clarke, Adani"]
[Black "Milliet, Sophie"]
[Result "0-1"]
[WhiteElo "1643"]
[BlackElo "2389"]
[PlyCount "76"]
[EventDate "2018.09.24"]
[EventType "team-swiss"]
[EventRounds "11"]
[EventCountry "GEO"]
[SourceTitle "Ajedrez en Madrid"]
[Source "lmi"]
[SourceDate "2018.09.24"]
[WhiteTeam "Jamaica"]
[BlackTeam "France"]
[WhiteTeamCountry "JAM"]
[BlackTeamCountry "FRA"]

1. d4 Nf6 2. c4 c5 3. d5 g6 4. Nc3 Bg7 5. e4 O-O 6. Bd3 d6 7. Nge2 Nbd7 8. Bg5
h6 9. Bh4 Ne5 10. h3 a6 11. f4 Nxd3+ 12. Qxd3 b5 13. O-O bxc4 14. Qxc4 a5 15.
Qd3 Ba6 16. Qd2 Rb8 17. Rab1 Rb4 18. Qe3 Nd7 19. Rfd1 Qb6 20. b3 Bd4 21. Nxd4
cxd4 22. Qe1 dxc3+ 23. Bf2 Nc5 24. Rbc1 Qb5 25. Rxc3 Rxe4 26. Re3 Rxe3 27. Qxe3
Nd3 28. Bh4 Qxd5 29. Qxe7 Bb7 30. Rd2 Qd4+ 31. Bf2 Qe4 32. Qxe4 Bxe4 33. Bb6
Ra8 34. g3 a4 35. bxa4 Rxa4 36. Kf1 Rb4 37. Bc7 Rb1+ 38. Ke2 Re1# 0-1

[Event "43. Olimpiada Batumi 2018 Femenina"]
[Site "Batumi GEO"]
[Date "2018.10.01"]
[Round "7.4"]
[White "Haussernot, Cecile"]
[Black "Williams, Margoe"]
[Result "1-0"]
[WhiteElo "2237"]
[BlackElo "1617"]
[PlyCount "67"]
[EventDate "2018.09.24"]
[EventType "team-swiss"]
[EventRounds "11"]
[EventCountry "GEO"]
[SourceTitle "Ajedrez en Madrid"]
[Source "lmi"]
[SourceDate "2018.09.24"]
[WhiteTeam "France"]
[BlackTeam "Jamaica"]
[WhiteTeamCountry "FRA"]
[BlackTeamCountry "JAM"]

1. e4 c5 2. Nf3 e6 3. d4 cxd4 4. Nxd4 Nc6 5. Nc3 a6 6. Nxc6 bxc6 7. Bd3 Qc7 8.
O-O Nf6 9. f4 d6 10. Qf3 Be7 11. Be3 O-O 12. g4 e5 13. f5 d5 14. g5 d4 15. gxf6
Bxf6 16. Bd2 dxc3 17. Bxc3 Bb7 18. Kh1 c5 19. b3 Rad8 20. Rg1 Qe7 21. Rg3 Rd6
22. Rag1 Rfd8 23. Qh5 g6 24. Rh3 Bg7 25. Qxh7+ Kf8 26. fxg6 Rxg6 27. Rxg6 fxg6
28. Rf3+ Bf6 29. Qh8+ Kf7 30. Bc4+ Bd5 31. Qh7+ Ke8 32. Qxe7+ Kxe7 33. Bxd5 Rh8
34. b4 1-0

[Event "43. Olimpiada Batumi 2018 Femenina"]
[Site "Batumi GEO"]
[Date "2018.10.01"]
[Round "7.1"]
[White "Ryjanova, Julia"]
[Black "Vega Gutierrez, Sabrina"]
[Result "1/2-1/2"]
[WhiteElo "2330"]
[BlackElo "2404"]
[PlyCount "46"]
[EventDate "2018.09.24"]
[EventType "team-swiss"]
[EventRounds "11"]
[EventCountry "GEO"]
[SourceTitle "Ajedrez en Madrid"]
[Source "lmi"]
[SourceDate "2018.09.24"]
[WhiteTeam "Australia"]
[BlackTeam "Spain"]
[WhiteTeamCountry "AUS"]
[BlackTeamCountry "ESP"]

1. d4 d5 2. c4 e6 3. Nc3 c6 4. e3 f5 5. g4 Nh6 6. gxf5 Nxf5 7. Bd3 Qf6 8. Qe2
Bd6 9. f4 O-O 10. Nf3 Na6 11. c5 Be7 12. a3 Nc7 13. Bd2 Bd7 14. O-O Be8 15. Ne5
Qh6 16. Qg2 Bh5 17. Ne2 Bxe2 18. Qxe2 Kh8 19. Rf2 Ne8 20. Rg2 Nh4 21. Rg3 Nf5
22. Rg2 Nh4 23. Rg3 Nf5 1/2-1/2

[Event "43. Olimpiada Batumi 2018 Femenina"]
[Site "Batumi GEO"]
[Date "2018.10.01"]
[Round "7.2"]
[White "Garcia Martin, Marta"]
[Black "Zhang, Jilin"]
[Result "1/2-1/2"]
[WhiteElo "2329"]
[BlackElo "2224"]
[PlyCount "141"]
[EventDate "2018.09.24"]
[EventType "team-swiss"]
[EventRounds "11"]
[EventCountry "GEO"]
[SourceTitle "Ajedrez en Madrid"]
[Source "lmi"]
[SourceDate "2018.09.24"]
[WhiteTeam "Spain"]
[BlackTeam "Australia"]
[WhiteTeamCountry "ESP"]
[BlackTeamCountry "AUS"]

1. e4 c5 2. Nf3 d6 3. d4 cxd4 4. Nxd4 Nf6 5. Nc3 Nc6 6. Bg5 e6 7. Qd2 Be7 8.
O-O-O O-O 9. h4 Nxd4 10. Qxd4 Qa5 11. Kb1 Bd7 12. Qd2 Rfc8 13. Nd5 Qxd2 14.
Nxe7+ Kf8 15. Rxd2 Kxe7 16. h5 Rc5 17. Bh4 h6 18. Be2 Rac8 19. f3 Ke8 20. g4 d5
21. e5 Ng8 22. f4 a6 23. Rg1 Bb5 24. Bf2 R5c6 25. Bd1 Rc4 26. Bd4 Ne7 27. b3
R4c7 28. Bb2 a5 29. a4 Ba6 30. Bd4 Rc6 31. Bf3 b5 32. axb5 Bxb5 33. Kb2 Ra6 34.
Ra1 Rb8 35. Bc5 Rc8 36. Bf2 a4 37. b4 a3+ 38. Kc1 Rc4 39. Be2 Rxb4 40. Bc5 Bxe2
41. Bxb4 Bxg4 42. Rh2 Nc6 43. Bc5 Ra4 44. Rxa3 Rxf4 45. Bd6 Rf5 46. Rg2 Bxh5
47. Rxg7 Kd7 48. Rh7 Nxe5 49. Bxe5 Rxe5 50. Rxh6 Bg6 51. Rh2 Re4 52. Ra6 Ke7
53. Rf2 Bf5 54. Ra7+ Kf6 55. Rc7 Rg4 56. Kd2 Rg3 57. Kc1 e5 58. Rc5 Ke6 59.
Rc6+ Kd7 60. Rxf5 Kxc6 61. Rxe5 Rf3 62. Kd2 Kc5 63. Ke2 Rh3 64. Rf5 Rh7 65. Kd3
Kd6 66. Rf1 Ke6 67. Re1+ Kd6 68. Rf1 Rg7 69. Rf2 Ke5 70. Re2+ Kd6 71. Rf2
1/2-1/2

[Event "43. Olimpiada Batumi 2018 Femenina"]
[Site "Batumi GEO"]
[Date "2018.10.01"]
[Round "7.3"]
[White "Nguyen, Thu Giang"]
[Black "Matnadze, Ana"]
[Result "0-1"]
[WhiteElo "2134"]
[BlackElo "2362"]
[PlyCount "106"]
[EventDate "2018.09.24"]
[EventType "team-swiss"]
[EventRounds "11"]
[EventCountry "GEO"]
[SourceTitle "Ajedrez en Madrid"]
[Source "lmi"]
[SourceDate "2018.09.24"]
[WhiteTeam "Australia"]
[BlackTeam "Spain"]
[WhiteTeamCountry "AUS"]
[BlackTeamCountry "ESP"]

1. e4 c6 2. d4 d5 3. Nc3 dxe4 4. Nxe4 Nf6 5. Nxf6+ gxf6 6. c3 Qc7 7. g3 Bf5 8.
Nf3 e6 9. Bg2 Nd7 10. O-O O-O-O 11. b4 Be4 12. a4 Nb6 13. Qe2 Bd5 14. Re1 h5
15. Nh4 Bxg2 16. Kxg2 Nd5 17. Bd2 Be7 18. Rab1 Rdg8 19. Kh1 Bd8 20. c4 Ne7 21.
Ng2 Nf5 22. d5 h4 23. g4 h3 24. Ne3 Nd4 25. Qd3 Qf4 26. Nf5 Qxg4 27. Ng3 Qf3+
28. Qxf3 Nxf3 29. Red1 Rh4 30. Rbc1 f5 31. Rc3 Nxd2 32. Rxd2 c5 33. dxe6 fxe6
34. Re2 cxb4 35. Rc1 Rg6 36. c5 b3 37. Rb2 Rb4 38. Rc3 Rxa4 39. Rcxb3 Ra1+ 40.
Rb1 Rxb1+ 41. Rxb1 Be7 42. Rc1 Kc7 43. Ne2 Rg4 44. Ng1 a5 45. Nxh3 a4 46. f3
Rd4 47. Ng1 Rd2 48. Ra1 Bxc5 49. Rxa4 Rd1 50. h4 Rxg1+ 51. Kh2 Rg8 52. h5 Bd6+
53. Kh3 Rh8 0-1

[Event "43. Olimpiada Batumi 2018 Femenina"]
[Site "Batumi GEO"]
[Date "2018.10.01"]
[Round "7.4"]
[White "Hernandez Estevez, Yudania"]
[Black "Berezina, Irina"]
[Result "1-0"]
[WhiteElo "2192"]
[BlackElo "2112"]
[PlyCount "65"]
[EventDate "2018.09.24"]
[EventType "team-swiss"]
[EventRounds "11"]
[EventCountry "GEO"]
[SourceTitle "Ajedrez en Madrid"]
[Source "lmi"]
[SourceDate "2018.09.24"]
[WhiteTeam "Spain"]
[BlackTeam "Australia"]
[WhiteTeamCountry "ESP"]
[BlackTeamCountry "AUS"]

1. e4 d6 2. d4 g6 3. Nc3 Nf6 4. f4 Bg7 5. Nf3 c6 6. Bd3 Na6 7. a3 Nc7 8. O-O
O-O 9. Qe1 d5 10. e5 Nfe8 11. f5 Bxf5 12. Bxf5 gxf5 13. Ne2 f6 14. Nf4 fxe5 15.
dxe5 e6 16. Nh5 d4 17. Bg5 Qd7 18. Qg3 Kh8 19. Rad1 c5 20. Qh4 Rf7 21. Rd3 Nd5
22. Bd2 Qe7 23. Bg5 Qd7 24. Re1 Rc8 25. Bd2 Ne7 26. Nf4 Bf6 27. exf6 Rxf6 28.
Ne5 Qc7 29. Rh3 Nd5 30. Nxd5 exd5 31. Bf4 Qg7 32. Rg3 Qf8 33. Ng6+ 1-0

[Event "43. Olimpiada Batumi 2018 Femenina"]
[Site "Batumi GEO"]
[Date "2018.10.01"]
[Round "7.1"]
[White "Khomeriki, Nino"]
[Black "Exler, Veronika"]
[Result "1-0"]
[WhiteElo "2313"]
[BlackElo "2267"]
[PlyCount "51"]
[EventDate "2018.09.24"]
[EventType "team-swiss"]
[EventRounds "11"]
[EventCountry "GEO"]
[SourceTitle "Ajedrez en Madrid"]
[Source "lmi"]
[SourceDate "2018.09.24"]
[WhiteTeam "Georgia 3"]
[BlackTeam "Austria"]
[BlackTeamCountry "AUT"]

1. d4 d5 2. Nf3 Nf6 3. c4 e6 4. Nc3 c5 5. e3 a6 6. cxd5 exd5 7. Be2 Nc6 8. O-O
Bd6 9. dxc5 Bxc5 10. b3 O-O 11. Bb2 Qd6 12. Na4 Ba7 13. Rc1 Rd8 14. Nd4 Ne5 15.
Qc2 b5 16. Nc5 Nfg4 17. h3 Nh6 18. Rfd1 Bb8 19. f4 Ng6 20. Ne4 Qb6 21. Ng5 Nf5
22. Qxc8 Bxf4 23. Qxf5 Bxe3+ 24. Kh1 f6 25. Rc6 Qb7 26. Qe6+ 1-0

[Event "43. Olimpiada Batumi 2018 Femenina"]
[Site "Batumi GEO"]
[Date "2018.10.01"]
[Round "7.2"]
[White "Newrkla, Katharina"]
[Black "Janiashvili, Mariami"]
[Result "0-1"]
[WhiteElo "2204"]
[BlackElo "2081"]
[PlyCount "78"]
[EventDate "2018.09.24"]
[EventType "team-swiss"]
[EventRounds "11"]
[EventCountry "GEO"]
[SourceTitle "Ajedrez en Madrid"]
[Source "lmi"]
[SourceDate "2018.09.24"]
[WhiteTeam "Austria"]
[BlackTeam "Georgia 3"]
[WhiteTeamCountry "AUT"]

1. e4 d5 2. exd5 Qxd5 3. Nc3 Qa5 4. d4 Nf6 5. Nf3 Bg4 6. h3 Bh5 7. g4 Bg6 8.
Ne5 c6 9. Bg2 e6 10. h4 Nbd7 11. Nxd7 Kxd7 12. h5 Be4 13. f3 Bd5 14. Bd2 Qc7
15. Qe2 Qg3+ 16. Kf1 Be7 17. b3 Rad8 18. Na4 c5 19. Nxc5+ Bxc5 20. dxc5 Kc8 21.
Rh3 Qc7 22. c4 Bc6 23. b4 Ba4 24. Rc1 Rd7 25. g5 Rhd8 26. Be3 Ng8 27. f4 Ne7
28. Be4 Nf5 29. Qf2 Bc6 30. Qf3 Nxe3+ 31. Qxe3 Bxe4 32. Qxe4 Rd4 33. Qe1 Qxf4+
34. Kg1 Qxg5+ 35. Rg3 Qxh5 36. Qe3 Rd3 37. Qf4 R8d4 38. Qf2 Rxg3+ 39. Qxg3 Rg4
0-1

[Event "43. Olimpiada Batumi 2018 Femenina"]
[Site "Batumi GEO"]
[Date "2018.10.01"]
[Round "7.3"]
[White "Koridze, Lile"]
[Black "Teuschler, Barbara"]
[Result "1-0"]
[WhiteElo "1931"]
[BlackElo "2172"]
[PlyCount "71"]
[EventDate "2018.09.24"]
[EventType "team-swiss"]
[EventRounds "11"]
[EventCountry "GEO"]
[SourceTitle "Ajedrez en Madrid"]
[Source "lmi"]
[SourceDate "2018.09.24"]
[WhiteTeam "Georgia 3"]
[BlackTeam "Austria"]
[BlackTeamCountry "AUT"]

1. d4 d5 2. c4 e6 3. g3 Nf6 4. Bg2 c6 5. Nf3 Be7 6. O-O O-O 7. Qc2 b6 8. b3
Nbd7 9. Rd1 Bb7 10. Nc3 Rc8 11. Bf4 a6 12. e4 c5 13. exd5 exd5 14. dxc5 Rxc5
15. Nd4 g6 16. Qb2 Qa8 17. Qe2 Re8 18. Qf3 Bf8 19. Rac1 Kg7 20. Re1 Rxe1+ 21.
Rxe1 Qc8 22. Na4 Ra5 23. Bd2 Rxa4 24. bxa4 Qxc4 25. Qc3 Qxa4 26. Qb2 Ba3 27.
Qa1 Bb4 28. Bxb4 Qxb4 29. Bh3 Qd6 30. Qc1 Ne4 31. Qe3 Ndf6 32. f3 Nc5 33. Qg5
Kh8 34. Re6 Nxe6 35. Qxf6+ Kg8 36. Nxe6 1-0

[Event "43. Olimpiada Batumi 2018 Femenina"]
[Site "Batumi GEO"]
[Date "2018.10.01"]
[Round "7.4"]
[White "Froewis, Annika"]
[Black "Esadze, Tamari"]
[Result "0-1"]
[WhiteElo "2113"]
[BlackElo "1911"]
[PlyCount "94"]
[EventDate "2018.09.24"]
[EventType "team-swiss"]
[EventRounds "11"]
[EventCountry "GEO"]
[SourceTitle "Ajedrez en Madrid"]
[Source "lmi"]
[SourceDate "2018.09.24"]
[WhiteTeam "Austria"]
[BlackTeam "Georgia 3"]
[WhiteTeamCountry "AUT"]

1. e4 c5 2. Nf3 d6 3. d4 cxd4 4. Nxd4 Nf6 5. Nc3 a6 6. g3 e5 7. Nde2 Be7 8. Bg2
Be6 9. O-O Nbd7 10. a4 O-O 11. b3 Qc7 12. h3 Nc5 13. Be3 Qc6 14. Nd5 Bxd5 15.
exd5 Qc7 16. a5 Rac8 17. c4 Ne8 18. g4 Bh4 19. Qc2 Qe7 20. b4 Nd7 21. Rac1 Bg5
22. Ng3 g6 23. Qd2 Bxe3 24. fxe3 Ng7 25. Qd3 Kh8 26. Rf2 Kg8 27. Kh2 Kh8 28.
Rh1 f6 29. Rhf1 Kg8 30. Kg1 Kh8 31. h4 f5 32. g5 e4 33. Qd4 Ne5 34. Rc2 Nd3 35.
Rb1 Kg8 36. Bf1 Ne5 37. Bg2 Ne8 38. c5 h6 39. gxh6 Qxh4 40. Ne2 Ng4 41. Nf4
Qxh6 42. Rbc1 Qh2+ 43. Kf1 Qg3 44. Kg1 Rf7 45. Kf1 Nxe3+ 46. Ke2 Nxc2 47. Rxc2
Qxf4 0-1

[Event "43. Olimpiada Batumi 2018 Femenina"]
[Site "Batumi GEO"]
[Date "2018.10.01"]
[Round "7.1"]
[White "Franco Valencia, Beatriz Irene"]
[Black "Baptista, Ana Filipa"]
[Result "1/2-1/2"]
[WhiteElo "2191"]
[BlackElo "2008"]
[PlyCount "65"]
[EventDate "2018.09.24"]
[EventType "team-swiss"]
[EventRounds "11"]
[EventCountry "GEO"]
[SourceTitle "Ajedrez en Madrid"]
[Source "lmi"]
[SourceDate "2018.09.24"]
[WhiteTeam "Colombia"]
[BlackTeam "Portugal"]
[WhiteTeamCountry "COL"]
[BlackTeamCountry "POR"]

1. d4 Nf6 2. Nf3 e6 3. c4 b6 4. g3 Bb7 5. Bg2 d6 6. Nc3 Nbd7 7. O-O Be7 8. Qc2
c6 9. Rd1 Qc7 10. e4 e5 11. b4 Ba6 12. Qb3 c5 13. bxc5 bxc5 14. dxe5 dxe5 15.
Bg5 O-O 16. Bxf6 Nxf6 17. Qa4 Bb7 18. Nd5 Bxd5 19. exd5 Ne4 20. Qc6 Qd6 21.
Qxd6 Bxd6 22. Re1 f5 23. Rab1 Rab8 24. Bh3 g6 25. Rxb8 Rxb8 26. Re2 Rb1+ 27.
Bf1 g5 28. g4 fxg4 29. Rxe4 gxf3 30. Re3 Ra1 31. Rxf3 Rxa2 32. Rf6 Ra6 33. Bh3
1/2-1/2

[Event "43. Olimpiada Batumi 2018 Femenina"]
[Site "Batumi GEO"]
[Date "2018.10.01"]
[Round "7.2"]
[White "Coimbra, Margarida"]
[Black "Rivera, Ingris"]
[Result "1-0"]
[WhiteElo "2068"]
[BlackElo "2227"]
[PlyCount "87"]
[EventDate "2018.09.24"]
[EventType "team-swiss"]
[EventRounds "11"]
[EventCountry "GEO"]
[SourceTitle "Ajedrez en Madrid"]
[Source "lmi"]
[SourceDate "2018.09.24"]
[WhiteTeam "Portugal"]
[BlackTeam "Colombia"]
[WhiteTeamCountry "POR"]
[BlackTeamCountry "COL"]

1. e4 c5 2. c3 d5 3. exd5 Qxd5 4. d4 cxd4 5. cxd4 e5 6. Nf3 Nc6 7. Nc3 Bb4 8.
Bd2 Bxc3 9. Bxc3 e4 10. Ne5 Nxe5 11. dxe5 Ne7 12. Be2 O-O 13. O-O Bf5 14. Qa4
Qe6 15. Rfd1 Nc6 16. Bc4 Qe7 17. Bd5 e3 18. fxe3 Rac8 19. Qf4 Be6 20. Bxc6 bxc6
21. Rd6 Rfd8 22. a3 Bd5 23. Rd1 h6 24. Bb4 Rxd6 25. exd6 Qe6 26. e4 Bxe4 27. d7
Rd8 28. Qc7 Qg4 29. Qxd8+ Kh7 30. Rd2 Bxg2 31. Qc7 Bd5+ 32. Qg3 Qxd7 33. Bc3 f6
34. Qd3+ Kh8 35. Qg6 Qe7 36. Qg3 Qe4 37. Kf2 Qf5+ 38. Ke1 Bc4 39. Rd8+ Kh7 40.
Qe3 Qf1+ 41. Kd2 Qg2+ 42. Kc1 Bf7 43. Qg3 Qf1+ 44. Rd1 1-0

[Event "43. Olimpiada Batumi 2018 Femenina"]
[Site "Batumi GEO"]
[Date "2018.10.01"]
[Round "7.3"]
[White "Rodriguez Rueda, Paula Andrea"]
[Black "Jorge, Rita Maria Osorio"]
[Result "1-0"]
[WhiteElo "2298"]
[BlackElo "1870"]
[PlyCount "95"]
[EventDate "2018.09.24"]
[EventType "team-swiss"]
[EventRounds "11"]
[EventCountry "GEO"]
[SourceTitle "Ajedrez en Madrid"]
[Source "lmi"]
[SourceDate "2018.09.24"]
[WhiteTeam "Colombia"]
[BlackTeam "Portugal"]
[WhiteTeamCountry "COL"]
[BlackTeamCountry "POR"]

1. d4 Nf6 2. c4 e6 3. Nc3 Bb4 4. e3 O-O 5. Bd3 c5 6. Nge2 d5 7. O-O dxc4 8.
Bxc4 cxd4 9. exd4 Nbd7 10. a3 Be7 11. Bf4 Nb6 12. Bd3 Nbd5 13. Be5 a6 14. Ng3
Bd6 15. Qc2 h6 16. Rfe1 Nf4 17. Rad1 b6 18. Bxf6 Qxf6 19. Nce4 Qe7 20. Qc6 Nxd3
21. Rxd3 Bxg3 22. Qxa8 Bb7 23. Qa7 Bc7 24. g3 Bb8 25. Qxb6 Rd8 26. Qb4 Qxb4 27.
axb4 Bxe4 28. Rxe4 Rd5 29. Ra3 Rb5 30. Ra4 Bd6 31. Rxa6 Bxb4 32. Ra8+ Kh7 33.
Ra7 Kg8 34. Re2 Bd6 35. Rc2 Rb8 36. Rd7 Bb4 37. Rcc7 Bf8 38. Rb7 Rc8 39. Rxf7
Rc2 40. Rfc7 Rxc7 41. Rxc7 Bb4 42. Rb7 Bd2 43. b4 Bc3 44. b5 Bxd4 45. b6 Kf8
46. Rb8+ Ke7 47. b7 Kd7 48. Rc8 1-0

[Event "43. Olimpiada Batumi 2018 Femenina"]
[Site "Batumi GEO"]
[Date "2018.10.01"]
[Round "7.4"]
[White "Silva, Mariana Sofia T"]
[Black "Franco Valencia, Angela"]
[Result "1/2-1/2"]
[WhiteElo "1924"]
[BlackElo "2188"]
[PlyCount "103"]
[EventDate "2018.09.24"]
[EventType "team-swiss"]
[EventRounds "11"]
[EventCountry "GEO"]
[SourceTitle "Ajedrez en Madrid"]
[Source "lmi"]
[SourceDate "2018.09.24"]
[WhiteTeam "Portugal"]
[BlackTeam "Colombia"]
[WhiteTeamCountry "POR"]
[BlackTeamCountry "COL"]

1. e4 c5 2. Nf3 Nc6 3. d4 cxd4 4. Nxd4 e5 5. Nb5 a6 6. Nd6+ Bxd6 7. Qxd6 Qf6 8.
Qd2 Qg6 9. Nc3 d5 10. Qxd5 Be6 11. Qd2 Rd8 12. Qg5 Nb4 13. Bd3 Rxd3 14. cxd3
Nc2+ 15. Kd1 Nxa1 16. Qxg6 hxg6 17. Be3 Nf6 18. Kd2 Nb3+ 19. axb3 Ng4 20. h3
Nxe3 21. Kxe3 Bxb3 22. Rc1 Ke7 23. Ne2 Rd8 24. d4 exd4+ 25. Nxd4 Ba4 26. Rc4
Bd7 27. Rc7 Rb8 28. f4 Kd6 29. Rc3 Rc8 30. Rxc8 Bxc8 31. Kd3 b6 32. Nf3 Kc5 33.
Kc3 a5 34. Ne5 Be6 35. g4 b5 36. Nd3+ Kb6 37. Kd4 Bc4 38. Nc5 Kc6 39. h4 Be2
40. g5 b4 41. f5 gxf5 42. exf5 Kb5 43. b3 Bd1 44. f6 gxf6 45. gxf6 Bh5 46. Na4
Bf3 47. Nc5 Kc6 48. Kc4 Be2+ 49. Kd4 Bd1 50. Kc4 Be2+ 51. Kd4 Bd1 52. Kc4
1/2-1/2

[Event "43. Olimpiada Batumi 2018 Femenina"]
[Site "Batumi GEO"]
[Date "2018.10.01"]
[Round "7.1"]
[White "Shvayger, Yuliya"]
[Black "Georgescu, Lena"]
[Result "1-0"]
[WhiteElo "2375"]
[BlackElo "2195"]
[PlyCount "127"]
[EventDate "2018.09.24"]
[EventType "team-swiss"]
[EventRounds "11"]
[EventCountry "GEO"]
[SourceTitle "Ajedrez en Madrid"]
[Source "lmi"]
[SourceDate "2018.09.24"]
[WhiteTeam "Israel"]
[BlackTeam "Switzerland"]
[WhiteTeamCountry "ISR"]
[BlackTeamCountry "SUI"]

1. d4 Nf6 2. Bf4 d5 3. c3 e6 4. Nd2 Bd6 5. Bg3 O-O 6. e3 c5 7. Ngf3 Nc6 8. Bb5
Be7 9. Bd3 b6 10. O-O Bb7 11. h3 c4 12. Bc2 b5 13. a3 Qb6 14. Qe2 Rad8 15. Ne5
Nxe5 16. Bxe5 a5 17. e4 dxe4 18. Nxe4 Bxe4 19. Bxe4 Nxe4 20. Qxe4 Bd6 21. f4 b4
22. axb4 axb4 23. Rae1 Ra8 24. Bxd6 Qxd6 25. f5 exf5 26. Qxf5 Ra7 27. Qb5 bxc3
28. bxc3 Qc7 29. Re5 Rb7 30. Rc5 Qe7 31. Qxc4 Qe3+ 32. Kh1 g6 33. Rc6 Rb2 34.
Rcf6 Qg3 35. Qc6 Kg7 36. Qd5 Kh6 37. Qf3 Qxf3 38. R1xf3 Rc2 39. Rd3 Rc8 40.
Rff3 f5 41. d5 Ra8 42. d6 Ra1+ 43. Kh2 Raa2 44. Rg3 f4 45. Rg4 Rd2 46. Rxd2
Rxd2 47. Rxf4 Rxd6 48. Rd4 Ra6 49. Kg3 Ra2 50. Kf3 Rc2 51. Rc4 Kg5 52. g3 h5
53. Rc5+ Kf6 54. h4 Rc1 55. Ke3 Rg1 56. Rg5 Rd1 57. c4 Kg7 58. Ke4 Kf6 59. c5
Rd2 60. c6 Rc2 61. Kd5 Rc3 62. Kd6 Kg7 63. c7 Rd3+ 64. Kc6 1-0

[Event "43. Olimpiada Batumi 2018 Femenina"]
[Site "Batumi GEO"]
[Date "2018.10.01"]
[Round "7.2"]
[White "Mueller-Seps, Monika"]
[Black "Efroimski, Marsel"]
[Result "1-0"]
[WhiteElo "2230"]
[BlackElo "2313"]
[PlyCount "103"]
[EventDate "2018.09.24"]
[EventType "team-swiss"]
[EventRounds "11"]
[EventCountry "GEO"]
[SourceTitle "Ajedrez en Madrid"]
[Source "lmi"]
[SourceDate "2018.09.24"]
[WhiteTeam "Switzerland"]
[BlackTeam "Israel"]
[WhiteTeamCountry "SUI"]
[BlackTeamCountry "ISR"]

1. e4 e6 2. d4 d5 3. Nd2 Be7 4. Ngf3 Nf6 5. e5 Nfd7 6. Bd3 c5 7. c3 Nc6 8. O-O
a5 9. a4 Qb6 10. dxc5 Qc7 11. Nb3 Ncxe5 12. Bf4 Nxf3+ 13. Qxf3 Qd8 14. Qg3 O-O
15. Bc7 Qe8 16. Bb5 f5 17. c4 dxc4 18. Nxa5 Qh5 19. Nxc4 Bxc5 20. Bd6 f4 21.
Bxf4 Nf6 22. Qg5 Qxg5 23. Bxg5 Nd5 24. Rad1 Nc7 25. Be3 b6 26. Nxb6 Bxb6 27.
Bxb6 Nxb5 28. axb5 Bb7 29. Rd7 Rf7 30. Rxf7 Kxf7 31. Rc1 Rc8 32. Bc7 Ke7 33. b6
Kd7 34. f3 Bd5 35. Kf2 g6 36. Ke3 h5 37. Kd4 g5 38. Rc3 g4 39. fxg4 hxg4 40. h3
Bxg2 41. hxg4 Rg8 42. Rg3 Bd5 43. g5 Rg6 44. Kc5 Be4 45. Rg4 Bd5 46. Bf4 Bh1
47. Be5 Bd5 48. Bf4 Rg7 49. Rg1 Rg6 50. Kb5 Bf3 51. Ka6 Ke8 52. Be5 1-0